000 00835nas a2200289 4500
001 BR9000848
003 BR-BrBNA
005 20231205091817.0
007 ta
008 230509b bl.|||p| |||| 00| 00por d
040 _aBR-BrBNA
_bpor
_cBiblioteca Nacional de Agricultura
041 _a(Pt)
072 _aL70; L73
100 1 _aBasile, J.R.
100 1 _aMegale, F.
100 1 _aVale Filho, V.R.
100 1 _aGarcia, O.S.
100 1 _aSilva, N.Q.
245 1 _aOcorrencia de alteracoes do ovario em vacas azebuadas abatidas em matadouro
650 _aVACA
650 _aOVARIO
650 _aCISTO
650 _aVETERINARIA
773 0 _tRevista Brasileira de Reproducao Animal (Brazil)
_xISSN 0102-0803
_g(1988), v. 12(3) p. 147-161
_wBR9000848
909 _a202311
_bLúcia
_c55
_dLúcia Elande
942 _2AGRIS
_n0
_cANA
999 _c127499
_d127499